|
|
|
|
| LEADER |
01269nam a2200337 a 4500 |
| 001 |
40223 |
| 003 |
BD-DhAAL |
| 005 |
20221215154337.0 |
| 008 |
221215t2004 dcuab f b 001 0 eng d |
| 999 |
|
|
|c 45191
|d 45191
|
| 010 |
|
|
|a 2004400345
|
| 015 |
|
|
|a GBA456818
|2 bnb
|
| 016 |
7 |
|
|a 012963458
|2 Uk
|
| 020 |
|
|
|a 0821359126 (pbk.)
|
| 035 |
|
|
|a (OCoLC)ocm56646069
|
| 040 |
|
|
|a UKM
|c UKM
|d DLC
|d BD-DhAAL
|
| 042 |
|
|
|a lccopycat
|
| 050 |
0 |
0 |
|a HD82
|b .R434 2004
|
| 082 |
0 |
4 |
|a 338.9
|2 22
|
| 245 |
0 |
0 |
|a Responsible growth for the new millennium :
|b integrating society, ecology and the economy /
|
| 260 |
|
|
|a Washington, D.C. :
|b World Bank,
|c c2004.
|
| 300 |
|
|
|a xiii, 177 pages :
|b illustrations, maps ;
|c 23 cm.
|
| 504 |
|
|
|a Includes bibliographical references and index.
|
| 541 |
|
|
|a Donated By Akbar Ali Khan
|e 40223
|
| 650 |
|
0 |
|a Economic development.
|9 52944
|
| 650 |
|
0 |
|a Economic development
|x Environmental aspects.
|9 52945
|
| 650 |
|
0 |
|a Economic.
|9 52969
|
| 710 |
2 |
|
|a World Bank.
|9 52946
|
| 852 |
|
|
|a Ayesha Abed Library
|c Akbar Ali Khan Collection
|
| 942 |
|
|
|2 ddc
|c BK
|
| 952 |
|
|
|0 0
|1 0
|2 ddc
|4 0
|6 338_900000000000000_RES
|7 1
|9 72505
|a BRACUL
|b BRACUL
|c AAKC
|d 2022-12-15
|e Donated by Akbar Ali Khan
|g 1680.30
|l 0
|o 338.9 RES
|p 3010040223
|r 2022-12-15
|t 1
|v 1680.30
|w 2022-12-15
|y BK
|